000 00727nam a22002777a 4500
001 077
003 DO-SdBNP
005 20180205154434.0
007 077
008 151005b1980 sp 00| 0 spa d
020 _a8427900619
040 _aBPMSU
_bspa
_cBPMSU
092 _aXXXX
_bXXXX
100 1 _aRendell, Ruth
240 1 0 _aA judgement in stone /
_leng
245 1 3 _aUn juicio de piedra /
_cRuth Rendell ; traducción Adela Miró Sans
260 _aBarcelona :
_bNoguer,
_c1980.
300 _a207 p. :
_c18 cm.
490 1 _aEl observador
_v17
700 1 2 _aMiró Sans, Adela
_etrad.
830 0 _aEl observador
_n17
910 _a202
942 _2ddc
_cBK
945 _aInventariado, 2018/ YL
956 _aYLOCKWARD
_b10
_cBPMSU
999 _c8505
_d8505